| 000 | 00000nam 2200000za 4500 |
| 001 | 9.656939 |
| 003 | CaOODSP |
| 005 | 20200813121913 |
| 007 | ta |
| 008 | 150407|1994||||xxc||||| f|0| 0 eng d |
| 022 | |a0318-8809 |
| 040 | |aCaOODSP|beng |
| 041 | |aeng |
| 041 | |afre |
| 043 | |an-cn--- |
| 086 | 1 |aCS13-568/1994 |
| 245 | 00|aFixed capital flows and stocks, 1961-1994 : |bhistorical / |cIssued by the Investment and Capital Stock Division, National Wealth and Capital Stock Section. |
| 260 | |aOttawa - Ontario : |bStatistics Canada, |c1994. |
| 300 | |a303p. : |btables ; |c28 cm. |
| 504 | |aBibliography. |
| 546 | |aBilingual |
| 563 | |aSoftcover |
| 590 | |a94-38|b1994-09-23 |
| 690 | 07|aInvestments|2gcpds |
| 710 | 2 |aStatistics Canada. |
| 776 | 0#|tFixed capital flows and stocks, 1961 - 1994 |w(CaOODSP)9.849321 |
| 792 | |tFlux et stocks de capital fixe, 1961-1994 : |efre|w(CaOODSP)9.656940 |